The minister's wooing /

Bibliographic Details
Main Author: Stowe, Harriet Beecher, 1811-1896
Format: Book
Language:English
Published: Boston, New York : Houghton, Mifflin, 1896.
Series:The writings of Harriet Beecher Stowe, Riverside edition

MARC

Tag First Indicator Second Indicator Subfields
LEADER 00000cam a2200000I 4500
001 in00000031894
005 20151007063145.0
008 800702s1896 mau 000 0 eng d
035 |a (OCoLC)ocm01345457 
035 |9 AAD6705AM 
040 |a KSU  |c KSU  |d OCL  |d UtOrBLW 
049 |a TXAM 
090 |a PS2954  |b .M5 1896 
100 1 |a Stowe, Harriet Beecher,  |d 1811-1896. 
245 1 4 |a The minister's wooing /  |c By Harriet Beecher Stowe. 
264 1 |a Boston,  |a New York :  |b Houghton, Mifflin,  |c 1896. 
300 |a 417 pages ;  |c 20 cm. 
336 |a text  |b txt  |2 rdacontent 
337 |a unmediated  |b n  |2 rdamedia 
338 |a volume  |b nc  |2 rdacarrier 
490 0 |a The writings of Harriet Beecher Stowe, Riverside edition 
994 |a E0  |b TXA 
949 |a updated  |b h  |c 2003/5/5  |e lmiller  |f 1:27:12 pm (Replaced incorrect record with correct one) 
999 |a MARS 
999 f f |s 76ccf1eb-1e56-3c42-91c2-6afe99c5ba97  |i 45df575c-dab0-3fe3-a69d-079033928019  |t 0 
952 f f |p ric  |a Texas A&M University  |b Rellis Campus  |c Joint Library Facility  |d Remote Storage  |t 0  |e PS2954 .M5 1896  |h Library of Congress classification  |i unmediated -- volume  |m A14801252225 
998 f f |a PS2954 .M5 1896  |t 0  |l Remote Storage